000 00237nam a22001217a 4500
003 SGT
082 _a823
_bAUS
100 _aAUSTEN JANE
245 _aPRIDE & PREJUDICE
260 _aINDIA
_bWPH
_c2008
300 _a386
942 _2ddc
_cBK
999 _c33460
_d33460